[Event "HUN-chT2 Asztalos 1819"]
[Site "Hungary"]
[Date "2019.04.28"]
[Round "9.4"]
[White "Szekacs, Mark"]
[Black "Kosa, Jeno"]
[Result "1/2-1/2"]
[WhiteElo "1951"]
[BlackElo "2049"]
[PlyCount "101"]
[EventDate "2018.10.28"]
[EventType "team-tourn"]
[EventRounds "9"]
[EventCountry "HUN"]
[SourceTitle "EXT 2021"]
[Source "ChessBase"]
[SourceDate "2020.10.23"]
[SourceVersion "1"]
[SourceVersionDate "2020.10.23"]
[SourceQuality "1"]
[WhiteTeam "Kaposvar Bastya"]
[BlackTeam "Baja Spartacus"]
[WhiteTeamCountry "HUN"]
[BlackTeamCountry "HUN"]

1. e4 c6 2. d4 d5 3. e5 Bf5 4. Ne2 e6 5. Ng3 Bg6 6. h4 h6 7. h5 Bh7 8. Bd3 Bxd3 9. cxd3 Qb6 10. Be3 c5 11. dxc5 Bxc5 12. Bxc5 Qxc5 13. Nd2 Nc6 14. Nf3 Nge7 15. 0-0 0-0 16. d4 Qb6 17. Qd2 Rac8 18. Rfc1 Na5 19. b3 Rxc1+ 20. Rxc1 Rc8 21. Rxc8+ Nxc8 22. Ne2 Ne7 23. g4 Nac6 24. Kg2 Qa5 25. Qb2 Qa6 26. Nc1 Qb6 27. Ne2 Qa6 28. Ne1 Qa5 29. Nd3 Qb5 30. Ndc1 Qa5 31. a3 Qb6 32. f4 a6 33. Kf3 Qa5 34. b4 Qb5 35. Qc3 Qc4 36. Nb3 b6 37. Ke3 Qxc3+ 38. Nxc3 g6 39. hxg6 fxg6 40. Nd2 h5 41. gxh5 Nf5+ 42. Kd3 gxh5 43. Nf3 Kf8 44. Nd1 Kf7 45. Ne3 Kg6 46. Ng2 Nd8 47. Ngh4+ Nxh4 48. Nxh4+ Kh6 49. Ke3 Nc6 50. Kd3 Ne7 51. Nf3 1/2-1/2

[Event "HUN-chT2 Asztalos 1819"]
[Site "Hungary"]
[Date "2018.10.28"]
[Round "1.3"]
[White "Szekacs, Mark"]
[Black "Hovorka, Tamas"]
[Result "1/2-1/2"]
[WhiteElo "1951"]
[BlackElo "2073"]
[PlyCount "98"]
[EventDate "2018.10.28"]
[EventType "team-tourn"]
[EventRounds "9"]
[EventCountry "HUN"]
[SourceTitle "CBM 189 Extra"]
[Source "ChessBase"]
[SourceDate "2019.06.03"]
[SourceVersion "1"]
[SourceVersionDate "2019.06.03"]
[SourceQuality "1"]
[WhiteTeam "Kaposvar Bastya"]
[BlackTeam "Karmin"]
[WhiteTeamCountry "HUN"]
[BlackTeamCountry "HUN"]

1. e4 d6 2. d4 g6 3. Nc3 Bg7 4. Be3 Nc6 5. Qd2 e5 6. d5 Nce7 7. 0-0-0 f5 8. f3 f4 9. Bf2 g5 10. g3 Ng6 11. gxf4 gxf4 12. Kb1 Nf6 13. h4 Nh5 14. Bh3 Bxh3 15. Rxh3 Bf6 16. Nge2 Rg8 17. Nc1 Qd7 18. Rdh1 Kf7 19. Nd1 Ne7 20. c4 b6 21. R3h2 Rg7 22. Ne2 Rag8 23. Be1 Rg2 24. Nf2 Rxh2 25. Rxh2 Ng3 26. Qd3 h5 27. Nh3 Nxe2 28. Qxe2 Ng6 29. Ng5+ Bxg5 30. hxg5 Rh8 31. Bh4 Nxh4 32. Rxh4 Qe7 33. Qg2 Kg6 34. Rh1 Qd7 35. Rh4 Rh7 36. b3 Qe7 37. Rh2 h4 38. Qh3 Qd7 39. Qxd7 Rxd7 40. Rxh4 Kxg5 41. Rh8 a5 42. Kb2 Rg7 43. Ka3 Kf6 44. Ka4 Rg3 45. Kb5 Rxf3 46. Kc6 Re3 47. Kxc7 Rxe4 48. Kxd6 Kg7 49. Rh1 Kf6 1/2-1/2

[Event "HUN-chT2 Asztalos 1718"]
[Site "Hungary"]
[Date "2018.02.18"]
[Round "6.5"]
[White "Zelenak, Donat"]
[Black "Szekacs, Mark"]
[Result "1/2-1/2"]
[WhiteElo "1841"]
[BlackElo "1935"]
[PlyCount "88"]
[EventDate "2017.10.29"]
[EventType "team-tourn"]
[EventRounds "9"]
[EventCountry "HUN"]
[SourceTitle "EXT 2021"]
[Source "ChessBase"]
[SourceDate "2020.10.23"]
[SourceVersion "1"]
[SourceVersionDate "2020.10.23"]
[SourceQuality "1"]
[WhiteTeam "Kiraly Sakk"]
[BlackTeam "Kaposvar Bastya"]
[WhiteTeamCountry "HUN"]
[BlackTeamCountry "HUN"]

1. Nf3 Nf6 2. d4 b6 3. e3 Bb7 4. Bd3 d5 5. Nbd2 g6 6. b3 Bg7 7. Bb2 0-0 8. 0-0 Nbd7 9. c4 c5 10. cxd5 Nxd5 11. Rc1 cxd4 12. exd4 N7f6 13. Re1 Rc8 14. Nc4 b5 15. Nce5 Qa5 16. a3 Bh6 17. b4 Qb6 18. Rc5 a6 19. Qb3 Nf4 20. Bf1 Ne6 21. Rxc8 Rxc8 22. Qd3 Bd5 23. g3 Kg7 24. Bg2 Qc7 25. Re2 Kg8 26. Ne1 Qb7 27. Rc2 Bxg2 28. Nxg2 Nd5 29. Nxf7 Kxf7 30. Qf3+ Kg7 31. Rxc8 Qxc8 32. Qxd5 Bg5 33. Ne3 Bf6 34. Qe4 Ng5 35. Qd5 e6 36. Qd6 Qb7 37. Kf1 Qf3 38. Qf4 Qh1+ 39. Ke2 Qb1 40. Nd1 Qc2+ 41. Ke1 Qd3 42. Ne3 Ne4 43. Ng4 Qb1+ 44. Bc1 Bg5 1/2-1/2

[Event "HUN-chT2 Asztalos 1718"]
[Site "Hungary"]
[Date "2018.01.28"]
[Round "5.4"]
[White "Varga, Zsolt"]
[Black "Szekacs, Mark"]
[Result "0-1"]
[WhiteElo "1986"]
[BlackElo "1936"]
[PlyCount "48"]
[EventDate "2017.10.29"]
[EventType "team-tourn"]
[EventRounds "9"]
[EventCountry "HUN"]
[SourceTitle "EXT 2021"]
[Source "ChessBase"]
[SourceDate "2020.10.23"]
[SourceVersion "1"]
[SourceVersionDate "2020.10.23"]
[SourceQuality "1"]
[WhiteTeam "Pecs Karmin"]
[BlackTeam "Kaposvar Bastya"]
[WhiteTeamCountry "HUN"]
[BlackTeamCountry "HUN"]

1. e4 c5 2. Nf3 e6 3. d4 cxd4 4. Nxd4 Nf6 5. Bd3 d6 6. 0-0 Be7 7. a4 Bd7 8. Be3 Nc6 9. Nc3 0-0 10. h3 g6 11. Qe2 Nxd4 12. Bxd4 Bc6 13. Rad1 Qa5 14. f4 e5 15. Be3 Nh5 16. Qf3 Nxf4 17. Bxf4 exf4 18. Qxf4 Qb6+ 19. Kh1 Qxb2 20. Nb5 Qe5 21. Qxe5 dxe5 22. Ra1 a6 23. Nc3 Rad8 24. Rab1 Rd4 0-1

[Event "HUN-chT2 Asztalos 1617"]
[Site "Hungary"]
[Date "2016.12.11"]
[Round "6.5"]
[White "Szabo, Attila4444"]
[Black "Szekacs, Mark"]
[Result "1/2-1/2"]
[WhiteElo "1902"]
[BlackElo "1877"]
[PlyCount "29"]
[EventDate "2016.09.25"]
[EventType "team-tourn"]
[EventRounds "11"]
[EventCountry "HUN"]
[SourceTitle "EXT 2021"]
[Source "ChessBase"]
[SourceDate "2020.10.23"]
[SourceVersion "1"]
[SourceVersionDate "2020.10.23"]
[SourceQuality "1"]
[WhiteTeam "Szentlorinc"]
[BlackTeam "Kaposvar Bastya"]
[WhiteTeamCountry "HUN"]
[BlackTeamCountry "HUN"]

1. e4 c5 2. b4 cxb4 3. a3 e6 4. axb4 Bxb4 5. c3 Be7 6. d4 d5 7. e5 Nc6 8. f4 h5 9. Nf3 Nh6 10. Bd3 Nf5 11. 0-0 Bd7 12. Qb3 Na5 13. Qa2 Nc4 14. Bxc4 dxc4 15. Qxc4 1/2-1/2

[Event "HUN-chT2 Asztalos 1617"]
[Site "Hungary"]
[Date "2016.10.09"]
[Round "2.5"]
[White "Kadar, Gabor"]
[Black "Szekacs, Mark"]
[Result "0-1"]
[WhiteElo "2078"]
[BlackElo "1877"]
[PlyCount "94"]
[EventDate "2016.09.25"]
[EventType "team-tourn"]
[EventRounds "11"]
[EventCountry "HUN"]
[SourceTitle "EXT 2021"]
[Source "ChessBase"]
[SourceDate "2020.10.23"]
[SourceVersion "1"]
[SourceVersionDate "2020.10.23"]
[SourceQuality "1"]
[WhiteTeam "Komlo Banyasz II"]
[BlackTeam "Kaposvar Bastya"]
[WhiteTeamCountry "HUN"]
[BlackTeamCountry "HUN"]

1. e4 c5 2. Nf3 d6 3. c3 Nf6 4. Be2 Nbd7 5. d3 e6 6. Nbd2 Be7 7. 0-0 0-0 8. d4 Qc7 9. Re1 a6 10. Bf1 e5 11. Nc4 b5 12. Ne3 Nb6 13. Nf5 Bxf5 14. exf5 e4 15. dxc5 Qxc5 16. Nd4 d5 17. g4 Nfd7 18. g5 Ne5 19. Bf4 Bd6 20. Bg3 Nbc4 21. Rb1 Rfe8 22. b3 Nb6 23. Rc1 Rac8 24. Kh1 Bf8 25. Bxe5 Rxe5 26. Bh3 Rce8 27. Re3 Nd7 28. f6 Qc7 29. fxg7 Bxg7 30. Bf5 Nf8 31. Qg4 R5e7 32. Rd1 Qc5 33. Qh3 b4 34. Bxh7+ Nxh7 35. Nf5 Re6 36. Nxg7 Kxg7 37. Qg3 bxc3 38. Rxc3 Qd6 39. Qe3 Qe5 40. Rc5 Rd6 41. h4 Nf8 42. h5 Ne6 43. Ra5 Nxg5 44. Rg1 Kf6 45. Rg4 Rh8 46. Rf4+ Ke6 47. Rh4 Nf3 0-1

[Event "HUN-chT2 Asztalos 1516"]
[Site "Hungary"]
[Date "2016.04.17"]
[Round "11.3"]
[White "Szekacs, Mark"]
[Black "Zsigmond, Karoly"]
[Result "1/2-1/2"]
[WhiteElo "1889"]
[BlackElo "2046"]
[PlyCount "32"]
[EventDate "2015.09.13"]
[EventType "team-tourn"]
[EventRounds "11"]
[EventCountry "HUN"]
[SourceTitle "EXT 2017"]
[Source "ChessBase"]
[SourceDate "2016.10.25"]
[SourceVersion "1"]
[SourceVersionDate "2016.10.25"]
[SourceQuality "1"]
[WhiteTeam "Kaposvar Bastya"]
[BlackTeam "Kiraly Sakk"]
[WhiteTeamCountry "HUN"]
[BlackTeamCountry "HUN"]

1. e4 c5 2. Nf3 a6 3. Nc3 e6 4. Be2 Nc6 5. 0-0 Qc7 6. a4 Nf6 7. d4 cxd4 8. Nxd4 Bb4 9. Bg5 Bxc3 10. Bxf6 gxf6 11. bxc3 Ne5 12. f4 Nc6 13. Kh1 b6 14. Bf3 Bb7 15. Rb1 Na5 16. Ne2 Qc5 1/2-1/2

[Event "HUN-chT2 Asztalos 1516"]
[Site "Hungary"]
[Date "2015.10.18"]
[Round "3.4"]
[White "Szekacs, Mark"]
[Black "Szaz, Ferenc"]
[Result "1-0"]
[WhiteElo "1859"]
[BlackElo "2090"]
[PlyCount "47"]
[EventDate "2015.09.13"]
[EventType "team-tourn"]
[EventRounds "11"]
[EventCountry "HUN"]
[SourceTitle "CBM 170 Extra"]
[Source "ChessBase"]
[SourceDate "2016.02.25"]
[SourceVersion "1"]
[SourceVersionDate "2016.02.25"]
[SourceQuality "1"]
[WhiteTeam "Kaposvar Bastya"]
[BlackTeam "Komlo Banyasz"]
[WhiteTeamCountry "HUN"]
[BlackTeamCountry "HUN"]

1. e4 b6 2. d4 Bb7 3. Nc3 e6 4. Bd3 c5 5. Nge2 cxd4 6. Nxd4 Nc6 7. Be3 Bc5 8. Nxc6 Bxc6 9. Qd2 Bxe3 10. Qxe3 Nf6 11. 0-0-0 0-0 12. Kb1 Qc7 13. f4 d5 14. e5 Ng4 15. Qh3 Nh6 16. Ne2 f5 17. exf6 Rxf6 18. g4 Rf7 19. Bxh7+ Kxh7 20. g5 Bd7 21. gxh6 gxh6 22. Qd3+ Kh8 23. Qg6 Raf8 24. Qxh6+ 1-0

[Event "HUN-chT2 Asztalos 1415"]
[Site "Hungary"]
[Date "2015.03.22"]
[Round "8"]
[White "Barbarics, Tamas"]
[Black "Szekacs, Mark"]
[Result "0-1"]
[WhiteElo "2049"]
[BlackElo "1841"]
[PlyCount "64"]
[EventDate "2014.10.12"]
[EventType "team-tourn"]
[EventRounds "9"]
[EventCountry "HUN"]
[SourceTitle "EXT 2016"]
[Source "ChessBase"]
[SourceDate "2015.10.08"]
[SourceVersion "1"]
[SourceVersionDate "2015.10.08"]
[SourceQuality "1"]
[WhiteTeam "Decs II"]
[BlackTeam "Kaposvar Bastya"]
[WhiteTeamCountry "HUN"]
[BlackTeamCountry "HUN"]

1. d4 Nf6 2. Nc3 d5 3. Bg5 Ne4 4. Nxe4 dxe4 5. e3 c6 6. c3 Qd5 7. Bh4 g6 8. Qb3 Qxb3 9. axb3 Bg7 10. f3 exf3 11. Nxf3 Bf5 12. 0-0-0 Nd7 13. Re1 e5 14. e4 Be6 15. Bc4 Bxc4 16. bxc4 0-0 17. Be7 Rfe8 18. Bd6 Rad8 19. c5 b6 20. b4 a5 21. cxb6 axb4 22. Bc7 Ra8 23. dxe5 Ra6 24. b7 Ra7 25. Rd1 Nb8 26. cxb4 Rxb7 27. Bd6 Nd7 28. Rhe1 Nxe5 29. Kc2 Nc4 30. Bc5 Ra8 31. Kb3 Ra3+ 32. Kxc4 Rc3# 0-1

[Event "HUN-chT2 Asztalos 1415"]
[Site "Hungary"]
[Date "2015.02.08"]
[Round "6"]
[White "Szabo, Zoltan"]
[Black "Szekacs, Mark"]
[Result "1-0"]
[WhiteElo "1862"]
[BlackElo "1841"]
[PlyCount "47"]
[EventDate "2014.10.12"]
[EventType "team-tourn"]
[EventRounds "9"]
[EventCountry "HUN"]
[SourceTitle "EXT 2016"]
[Source "ChessBase"]
[SourceDate "2015.10.08"]
[SourceVersion "1"]
[SourceVersionDate "2015.10.08"]
[SourceQuality "1"]
[WhiteTeam "Peti MTE"]
[BlackTeam "Kaposvar Bastya"]
[WhiteTeamCountry "HUN"]
[BlackTeamCountry "HUN"]

1. e4 c5 2. c4 e6 3. Nc3 Nc6 4. Nf3 g6 5. d4 cxd4 6. Nxd4 a6 7. Nxc6 bxc6 8. Be2 Bg7 9. 0-0 Ne7 10. Bg5 Qa5 11. Bh4 Bxc3 12. bxc3 Qxc3 13. Qd6 f6 14. f4 Kf7 15. Kh1 Qb2 16. Bg4 a5 17. f5 exf5 18. exf5 gxf5 19. Bh5+ Ng6 20. Rae1 Kg7 21. Bxg6 Kxg6 22. Re7 Qc3 23. Rf3 Qc1+ 24. Re1 1-0

[Event "HUN-chT2 Asztalos 1314"]
[Site "Hungary"]
[Date "2014.04.13"]
[Round "8"]
[White "Szekacs, Mark"]
[Black "Varga, Richard"]
[Result "1/2-1/2"]
[WhiteElo "1849"]
[BlackElo "1968"]
[PlyCount "128"]
[EventDate "2013.09.08"]
[EventType "team-tourn"]
[EventRounds "9"]
[EventCountry "HUN"]
[SourceTitle "EXT 2016"]
[Source "ChessBase"]
[SourceDate "2015.10.08"]
[SourceVersion "1"]
[SourceVersionDate "2015.10.08"]
[SourceQuality "1"]
[WhiteTeam "Kaposvar Bastya"]
[BlackTeam "Nagyatad"]
[WhiteTeamCountry "HUN"]
[BlackTeamCountry "HUN"]

1. e4 e5 2. Nc3 Nf6 3. f4 d5 4. fxe5 Nxe4 5. Qf3 Nc6 6. Nxe4 dxe4 7. Qxe4 Bc5 8. Nf3 Nd4 9. Nxd4 Qxd4 10. Bd3 Bd7 11. Qxd4 Bxd4 12. Be4 0-0-0 13. d3 Rhe8 14. Bf4 Bxb2 15. Rb1 Bc3+ 16. Kf2 b6 17. Bg5 Bd4+ 18. Kf3 f6 19. exf6 gxf6 20. Bh4 Rg8 21. h3 Rde8 22. Bf2 Be5 23. Bxh7 Rg7 24. Be4 c6 25. g4 Rh8 26. Rbg1 Kc7 27. Bg3 Bxg3 28. Rxg3 Rh4 29. Kf4 Rg5 30. Rf1 Kd6 31. Ke3 Ke7 32. c4 Ra5 33. Rf2 Ra3 34. Kf3 Be6 35. Kg2 b5 36. Bxc6 bxc4 37. dxc4 Ra6 38. Bb5 Rd6 39. Rc3 a6 40. Ba4 Rd4 41. Bb3 Bd7 42. c5 Bc6+ 43. Kg3 Rh8 44. Re3+ Kd7 45. Rxf6 a5 46. Rd6+ Rxd6 47. cxd6 Kxd6 48. g5 Rf8 49. h4 a4 50. Bc2 Rf1 51. Be4 Bd7 52. Bc2 Rg1+ 53. Kf2 Rh1 54. Rd3+ Ke7 55. Rxd7+ Kxd7 56. Bxa4+ Ke7 57. Kg3 Rg1+ 58. Kf4 Rf1+ 59. Kg4 Kf7 60. Kh5 Kg7 61. Bb5 Rf4 62. a4 Rb4 63. g6 Kf6 64. Bc6 Rc4 1/2-1/2

[Event "HUN-chT2 Asztalos 1112"]
[Site "Hungary"]
[Date "2012.02.19"]
[Round "6.6"]
[White "Jeszenszky, Jozsef"]
[Black "Szekacs, Mark"]
[Result "1-0"]
[WhiteElo "1791"]
[BlackElo "1775"]
[PlyCount "89"]
[EventDate "2011.09.25"]
[EventType "team-tourn"]
[EventRounds "11"]
[EventCountry "HUN"]
[SourceTitle "EXT 2013"]
[Source "ChessBase"]
[SourceDate "2012.11.22"]
[SourceVersion "1"]
[SourceVersionDate "2012.11.22"]
[SourceQuality "1"]
[WhiteTeam "Szentlorinc"]
[BlackTeam "Kaposvar Bastya"]
[WhiteTeamCountry "HUN"]
[BlackTeamCountry "HUN"]

1. e4 c5 2. Nf3 d6 3. d4 cxd4 4. Nxd4 Nf6 5. Nc3 a6 6. Rg1 e6 7. g4 b5 8. Bg2 e5 9. Nf5 g6 10. Ne3 Be6 11. g5 Nfd7 12. Ned5 Nc6 13. a3 Rc8 14. Be3 Na5 15. Bf1 Nc4 16. Bxc4 Rxc4 17. Qd3 Qc8 18. 0-0-0 Nc5 19. Nf6+ Kd8 20. Qd2 Qc6 21. Kb1 Be7 22. Bxc5 Qxc5 23. Nfd5 Bxd5 24. Qxd5 Qxd5 25. Rxd5 Kd7 26. f3 Rhc8 27. Rgd1 Ke6 28. h4 R8c6 29. R5d2 f5 30. Re1 Rc8 31. Nd5 Rf8 32. b3 Rcc8 33. Rde2 Rc6 34. Kb2 a5 35. Nc3 Rb8 36. Nd5 Bd8 37. Re3 Rbc8 38. Rc3 Rxc3 39. Nxc3 b4 40. axb4 axb4 41. Nd5 Rb8 42. Ra1 Bb6 43. Nxb6 Rxb6 44. Ra7 d5 45. exf5+ 1-0

[Event "HUN-chT2 Asztalos 1112"]
[Site "Hungary"]
[Date "2011.11.13"]
[Round "3.9"]
[White "Koppany, Tamas"]
[Black "Szekacs, Mark"]
[Result "1-0"]
[WhiteElo "2078"]
[BlackElo "1775"]
[PlyCount "65"]
[EventDate "2011.09.25"]
[EventType "team-tourn"]
[EventRounds "11"]
[EventCountry "HUN"]
[SourceTitle "EXT 2013"]
[Source "ChessBase"]
[SourceDate "2012.11.22"]
[SourceVersion "1"]
[SourceVersionDate "2012.11.22"]
[SourceQuality "1"]
[WhiteTeam "Nagyatad"]
[BlackTeam "Kaposvar Bastya"]
[WhiteTeamCountry "HUN"]
[BlackTeamCountry "HUN"]

1. d4 Nf6 2. Nd2 d5 3. e3 g6 4. f4 Bg7 5. Bd3 c5 6. c3 Nc6 7. Ngf3 0-0 8. 0-0 c4 9. Bc2 b5 10. e4 dxe4 11. Nxe4 Nd5 12. Qe2 Bf5 13. Ne5 Rc8 14. h3 e6 15. Kh2 Bxe4 16. Bxe4 b4 17. Qf3 Nce7 18. Bc2 Qc7 19. Kh1 Rfd8 20. Bd2 Nc6 21. Be4 Nxe5 22. fxe5 Nb6 23. Bg5 Rd7 24. Rf2 Na4 25. h4 bxc3 26. bxc3 Rb8 27. Bc6 Nb6 28. Bxd7 Qxd7 29. Rb1 Rc8 30. h5 Bf8 31. hxg6 fxg6 32. Rbf1 Nd5 33. Qh3 1-0

[Event "HUN-chT2 Asztalos 1011"]
[Site "Hungary"]
[Date "2011.05.01"]
[Round "10.9"]
[White "Szekacs, Mark"]
[Black "Kovacs, Tibor"]
[Result "1-0"]
[WhiteElo "1775"]
[BlackElo "1945"]
[PlyCount "97"]
[EventDate "2010.09.12"]
[EventType "team-tourn"]
[EventRounds "11"]
[EventCountry "HUN"]
[SourceTitle "EXT 2012"]
[Source "ChessBase"]
[SourceDate "2011.11.24"]
[SourceVersion "1"]
[SourceVersionDate "2011.11.24"]
[SourceQuality "1"]
[WhiteTeam "Kaposvar Bastya"]
[BlackTeam "Pecs Karmin"]
[WhiteTeamCountry "HUN"]
[BlackTeamCountry "HUN"]

1. e4 e5 2. Nf3 Nc6 3. Bb5 Nd4 4. Bc4 Nxf3+ 5. Qxf3 Qf6 6. Qg3 d6 7. 0-0 Qg6 8. Qb3 c6 9. a4 Nf6 10. Re1 Be7 11. Nc3 0-0 12. a5 Bh3 13. Bf1 Rab8 14. Qa4 Bd7 15. b4 a6 16. d3 Nh5 17. Nd5 Bd8 18. g3 Bg4 19. Ne3 Be6 20. c4 f5 21. exf5 Bxf5 22. Nxf5 Rxf5 23. b5 c5 24. bxa6 bxa6 25. Qc6 Bh4 26. Be3 Rff8 27. Bg2 Be7 28. Be4 Qe8 29. Qxa6 Nf6 30. Bg2 Ng4 31. Qc6 Bd8 32. a6 Bb6 33. a7 Bxa7 34. Rxa7 Qg6 35. Qd5+ Kh8 36. Rd7 Qh5 37. h3 Nf6 38. Qxd6 Nxd7 39. Qxd7 Rfd8 40. Qa7 Rbc8 41. g4 Qh4 42. Bxc5 Rxd3 43. Be7 Qh6 44. c5 Qd2 45. Rf1 Re8 46. c6 e4 47. Bxe4 Rxh3 48. Qd7 Rg3+ 49. Kh2 1-0

[Event "HUN-chT2 Asztalos 1011"]
[Site "Hungary"]
[Date "2010.09.26"]
[Round "2.11"]
[White "Krivarics, Robert"]
[Black "Szekacs, Mark"]
[Result "0-1"]
[WhiteElo "1748"]
[BlackElo "1775"]
[PlyCount "60"]
[EventDate "2010.09.12"]
[EventType "team-tourn"]
[EventRounds "11"]
[EventCountry "HUN"]
[SourceTitle "EXT 2012"]
[Source "ChessBase"]
[SourceDate "2011.11.24"]
[SourceVersion "1"]
[SourceVersionDate "2011.11.24"]
[SourceQuality "1"]
[WhiteTeam "Nagyatad"]
[BlackTeam "Kaposvar Bastya"]
[WhiteTeamCountry "HUN"]
[BlackTeamCountry "HUN"]

1. e4 c5 2. d4 cxd4 3. c3 Nf6 4. Bc4 Nc6 5. Bf4 Nxe4 6. Bxf7+ Kxf7 7. Qh5+ g6 8. Qd5+ e6 9. Qxe4 Be7 10. cxd4 d5 11. Qe3 Qb6 12. Nf3 Qxb2 13. 0-0 Bf6 14. Nc3 Qb4 15. Bg5 Bxd4 16. Qf4+ Kg8 17. Nxd4 Qxd4 18. Qxd4 Nxd4 19. Bf6 Nf5 20. Bxh8 Kxh8 21. Nb5 Bd7 22. Nc3 Kg7 23. Ne2 Kf6 24. Rab1 Bc6 25. Rfe1 Re8 26. Rb4 a5 27. Rb2 e5 28. Rd2 g5 29. g4 Nh4 30. Nc3 Nf3+ 0-1

[Event "HUN-chT2 Asztalos 0910"]
[Site "Hungary"]
[Date "2010.03.21"]
[Round "8"]
[White "Szekacs, Mark"]
[Black "Csernai, Barbara"]
[Result "1/2-1/2"]
[WhiteElo "1737"]
[BlackElo "1813"]
[PlyCount "117"]
[EventDate "2009.11.08"]
[EventType "team-tourn"]
[EventRounds "11"]
[EventCountry "HUN"]
[SourceTitle "EXT 2011"]
[Source "ChessBase"]
[SourceDate "2010.11.26"]
[SourceVersion "1"]
[SourceVersionDate "2010.11.26"]
[SourceQuality "1"]
[WhiteTeam "Szenna Pack"]
[BlackTeam "Baja"]
[WhiteTeamCountry "HUN"]
[BlackTeamCountry "HUN"]

1. e4 e6 2. d4 d5 3. Nc3 Nf6 4. Bg5 Be7 5. e5 Nfd7 6. Bxe7 Qxe7 7. f4 a6 8. Nf3 c5 9. dxc5 Nc6 10. Bd3 Nxc5 11. 0-0 Bd7 12. Ne2 0-0 13. Kh1 f6 14. exf6 Rxf6 15. c4 Nb4 16. Ne5 Rd8 17. cxd5 Nxd5 18. Rf3 Rdf8 19. g3 Nxd3 20. Nxd3 Rd8 21. Ne5 Bb5 22. Nd4 Nc7 23. Rc1 Rff8 24. Qg1 Rd6 25. Nxb5 Nxb5 26. Qe3 Rfd8 27. Rf2 Rd1+ 28. Rxd1 Rxd1+ 29. Kg2 Qd6 30. Qf3 Qd5 31. Qxd5 Rxd5 32. Kf3 g5 33. Kg4 Nd6 34. Re2 gxf4 35. gxf4 Nf7 36. Nxf7 Kxf7 37. h3 Kf6 38. Rc2 h5+ 39. Kg3 Rd3+ 40. Kg2 Kf5 41. Rf2 Rd4 42. Kg3 b5 43. a3 a5 44. Rc2 Rd3+ 45. Kh4 Kxf4 46. a4 Rb3 47. Rc5 bxa4 48. Rxa5 Rb4 49. Kxh5 Kg3 50. Kg5 Re4 51. Kf6 Kxh3 52. Re5 Rb4 53. Kxe6 Rxb2 54. Ra5 Rb4 55. Kd6 Rh4 56. Kc6 Kg3 57. Kb5 Rh5+ 58. Kxa4 Rxa5+ 59. Kxa5 1/2-1/2

[Event "HUN-chT2 Asztalos 0910"]
[Site "Hungary"]
[Date "2009.12.06"]
[Round "3"]
[White "Csire, Bence"]
[Black "Szekacs, Mark"]
[Result "1-0"]
[WhiteElo "1792"]
[BlackElo "1737"]
[PlyCount "89"]
[EventDate "2009.11.08"]
[EventType "team-tourn"]
[EventRounds "11"]
[EventCountry "HUN"]
[SourceTitle "EXT 2011"]
[Source "ChessBase"]
[SourceDate "2010.11.26"]
[SourceVersion "1"]
[SourceVersionDate "2010.11.26"]
[SourceQuality "1"]
[WhiteTeam "Szekesfehervar"]
[BlackTeam "Szenna Pack"]
[WhiteTeamCountry "HUN"]
[BlackTeamCountry "HUN"]

1. e4 c5 2. Nf3 d6 3. d4 cxd4 4. Nxd4 Nf6 5. Nc3 a6 6. Be2 e6 7. a4 Be7 8. 0-0 0-0 9. Be3 Qc7 10. f4 Nc6 11. Kh1 Re8 12. Bf3 Bd7 13. Nb3 b6 14. g4 Bc8 15. g5 Nd7 16. Bg2 Bb7 17. Qh5 Nb4 18. Rac1 Nc5 19. Nxc5 bxc5 20. Rf3 Bf8 21. Rh3 h6 22. gxh6 g6 23. Qg5 Kh7 24. f5 exf5 25. exf5 Qe7 26. fxg6+ fxg6 27. Qxe7+ Rxe7 28. Bxb7 Rxb7 29. Ne4 Nd5 30. Bd2 Re8 31. Ng5+ Kg8 32. h7+ Kh8 33. Rf1 Bg7 34. Nf7+ Rxf7 35. Rxf7 Bxb2 36. Ra7 Nf6 37. Rxa6 Ne4 38. Be3 g5 39. Kg2 d5 40. Rg6 Bg7 41. Bxg5 d4 42. a5 Nxg5 43. Rxg5 Re2+ 44. Kf1 Rxc2 45. Rxg7 1-0

[Event "HUN-ch U14"]
[Site "Balatonlelle"]
[Date "2009.06.29"]
[Round "3"]
[White "Eltigani, Amir"]
[Black "Szekacs, Mark"]
[Result "0-1"]
[WhiteElo "1699"]
[BlackElo "1737"]
[PlyCount "82"]
[EventDate "2009.06.27"]
[EventType "swiss"]
[EventRounds "9"]
[EventCountry "HUN"]
[SourceTitle "EXT 2011"]
[Source "ChessBase"]
[SourceDate "2010.11.26"]
[SourceVersion "1"]
[SourceVersionDate "2010.11.26"]
[SourceQuality "1"]

1. d4 Nf6 2. c4 g6 3. Nc3 d5 4. Bf4 Bg7 5. e3 0-0 6. Rc1 c6 7. Nf3 Be6 8. c5 Bg4 9. Be2 Bxf3 10. Bxf3 Na6 11. 0-0 Nd7 12. Be2 Nc7 13. Bd3 e5 14. dxe5 Nxe5 15. Bxe5 Bxe5 16. e4 Re8 17. Rc2 Bxc3 18. Rxc3 dxe4 19. Bc4 Qe7 20. Re1 Rad8 21. Qc2 Nd5 22. Bxd5 cxd5 23. f3 f5 24. fxe4 fxe4 25. c6 bxc6 26. Rxc6 Qe5 27. Qc5 Re7 28. Rf1 e3 29. Rc8 Rxc8 30. Qxc8+ Re8 31. Qc5 e2 32. Re1 d4 33. Qc4+ Kh8 34. Qd3 Qe4 35. Qb3 d3 36. Qc3+ Kg8 37. Qb3+ Kg7 38. Qc3+ Kh6 39. Qd2+ g5 40. Kf2 Qd4+ 41. Kf3 Rf8+ 0-1

[Event "HUN-ch U14"]
[Site "Balatonlelle"]
[Date "2009.06.28"]
[Round "2"]
[White "Szekacs, Mark"]
[Black "Slezak, Daniel Robert"]
[Result "1/2-1/2"]
[WhiteElo "1737"]
[BlackElo "1525"]
[PlyCount "54"]
[EventDate "2009.06.27"]
[EventType "swiss"]
[EventRounds "9"]
[EventCountry "HUN"]
[SourceTitle "EXT 2011"]
[Source "ChessBase"]
[SourceDate "2010.11.26"]
[SourceVersion "1"]
[SourceVersionDate "2010.11.26"]
[SourceQuality "1"]

1. e4 Nf6 2. e5 Nd5 3. d4 d6 4. Nf3 dxe5 5. Nxe5 c6 6. Bc4 Nd7 7. f4 g6 8. 0-0 Bg7 9. Qf3 0-0 10. Nc3 Nxe5 11. fxe5 Be6 12. Bd3 Nxc3 13. bxc3 c5 14. Qe3 b6 15. Ba3 Qc7 16. h4 h5 17. Rf3 Rac8 18. Rg3 Bg4 19. Rf1 Qc6 20. Qg5 Qa4 21. Rxg4 hxg4 22. h5 Qxa3 23. hxg6 fxg6 24. Bc4+ Kh7 25. Qh4+ Bh6 26. Qxe7+ Bg7 27. Qh4+ Bh6 1/2-1/2